| 000 | 01018cad a22002055a 4500 | ||
|---|---|---|---|
| 001 | L155752 | ||
| 008 | 120413e2012 xxk 000 0 eng d | ||
| 035 | _a(Sirsi) u155752 | ||
| 041 | 0 | _aeng | |
| 110 | 2 |
_aGreat Britain _bHealth and Safety Executive |
|
| 245 | 0 | 0 |
_aControl of Asbestos Regulations 2012 _bHSE guidance _h[electronic resource] |
| 260 | _c2012 | ||
| 520 | _aThe Control of Asbestos Regulations 2012 came into force on 6 April 2012, updating previous asbestos regulations to take account of the European Commission's view that the UK had not fully implemented the EU Directive on exposure to asbestos (Directive 2009/148/EC). This guidance about working with asbestos looks at what has changed and what has stayed the same in the regulations. | ||
| 590 | _aKA NTK | ||
| 651 | 4 |
_aUnited Kingdom _y |
|
| 690 |
_aHealth and safety _96244 |
||
| 690 |
_aContamination _96231 |
||
| 856 | 4 | 0 |
_uhttps://www.hse.gov.uk/asbestos/regulations.htm _zView the guidance free of charge at www.hse.gov.uk |
| 942 | _n0 | ||
| 999 |
_c113794 _d113794 |
||